Cytokines in cancer therapy /

Bibliographic Details
Main Author: Balkwill, Frances R.
Format: Book
Language:English
Published: Oxford ; New York : Oxford University Press, 1989.
Series:Oxford medical publications.
Subjects:

MARC

Tag First Indicator Second Indicator Subfields
LEADER 00000cam a2200000 a 4500
001 in00004472972
005 20191202143236.0
008 880624s1989 enka b 00110 eng
010 |a  88022094  
020 |a 0192617974 :  |c £30.00 (est.) ($45.00 U.S.) 
020 |a 019261715X (pbk.) :  |c £15.00 (est.) ($22.50 U.S.) 
035 |a (OCoLC)18259538 
035 |9 AAE2466MS 
035 |z (UtOrBLW)13565 
035 |a 24148 
040 |a DLC  |c DLC  |d FIL  |d TMV  |d UtOrBLW 
049 |a TMVM  |c 1 
050 0 0 |a RC271.C95  |b B34 1989 
060 4 |a QZ 266  |b B186c 1989 
082 0 0 |a 616.99/4061  |2 19 
100 1 |a Balkwill, Frances R. 
245 1 0 |a Cytokines in cancer therapy /  |c Frances R. Balkwill. 
264 1 |a Oxford ;  |a New York :  |b Oxford University Press,  |c 1989. 
300 |a xvi, 297 pages :  |b illustrations ;  |c 24 cm. 
336 |a text  |2 rdacontent  |b txt 
337 |a unmediated  |2 rdamedia 
338 |a volume  |2 rdacarrier  |b nc 
490 1 |a Oxford medical publications 
504 |a Includes bibliographical references (pages [242]-288) and index. 
650 2 |a Immunologic Factors  |x therapeutic use. 
650 2 |a Biological Factors  |x therapeutic use. 
650 2 |a Neoplasms  |x therapy. 
830 0 |a Oxford medical publications. 
999 |a MARS 
999 f f |s 631c3c1f-60ca-319d-b3df-a106aae98880  |i c31e5778-fb3c-3623-b779-8f1f0366de54  |t 0 
952 f f |p ric  |a Texas A&M University  |b Rellis Campus  |c Joint Library Facility  |d Remote Storage  |t 0  |e QZ 266 B186c 1989  |h National Library of Medicine classification  |i unmediated -- volume  |m 3238900960401 
998 f f |a QZ 266 B186c 1989  |t 0  |l Remote Storage